=LDR 00000nam 2200000 4500 =001 INLIS000000000012311 =005 20130612103837 =008 ***********************************Ind** =035 ##$$0010-061300000012311 =041 ##$$a Ind =082 ##$$a 658.812 =090 ##$$a 658.812, Man t =100 ##$$a Manurung, Adler Haymans =245 ##$$a Teknik peramalan bisnis dan ekonomi; Adler Haymans Manurung =260 ##$$a 1990 $b Jakarta =300 ##$$a xi, 116 hlm., Ilus, 21 cm =650 ##$$a Pemasaran =650 ##$$a Ramalan =850 ##$$a NBPNMAT